000 01053cam a22003138a 4500
999 _c534027
_d534027
001 15636158
003 NUST
005 20200128152640.0
008 090224s2009 nyu 000 1 eng
010 _a 2009008106
020 _a9781594488757
038 _aMSOHAIL
040 _aDLC
_cDLC
_dDLC
043 _aa-pk---
050 0 0 _aPR9540.9.S46
_bW57 2009
082 0 0 _a823.92
_222
100 1 _aSethi, Ali.
_928135
245 1 4 _aThe wish maker /
_cAli Sethi.
260 _aNew York :
_bRiverehead Books,
_c2009.
300 _a420 p. ;
_c24 cm.
650 0 _aBoys
_vFiction.
_93706
650 0 _aFatherless families
_vFiction.
_928136
650 0 _aWomen
_zPakistan
_vFiction.
_928137
651 0 _aPakistan
_xSocial life and customs
_vFiction.
_928138
655 7 _aBildungsromans.
_2gsafd
_93698
906 _a7
_bcbc
_corignew
_d1
_eecip
_f20
_gy-gencatlg
942 _2ddc
_cBK